000 00334nam a22001217a 4500
999 _c455
_d455
005 20200813111531.0
008 200813b ||||| |||| 00| 0 eng d
020 _a94752
040 _cCML
245 _aLiving the Infinity Way.
_cColdsmith J.S.
260 _aLondon.
_bHarper & Row
_c1954
942 _2ddc
_cBK
_e1
_h200
_mCOL